[Event "8th OHRA Open"]
[Site "Amsterdam NED"]
[Date "1989.07.31"]
[Round "1"]
[White "Illescas Cordoba, Miguel"]
[Black "Visser, Yge"]
[Result "1-0"]
[WhiteElo "2510"]
[BlackElo "2335"]
[EventDate "1989.07.31"]
[PlyCount "90"]

1.e4 c5 2.Nf3 d6 3.d4 cxd4 4.Nxd4 Nf6 5.Nc3 a6 6.a4 g6 7.g3 Bg4 8.Qd3 Nbd7
9.h3 Ne5 10.Qe3 Bd7 11.f4 Nc6 12.Bg2 Nxd4 13.Qxd4 Bc6 14.O-O Bg7 15.a5 O-O
16.Qb4 e6 17.Be3 d5 18.Rfd1 Qc8 19.e5 Nd7 20.Ne2 Re8 21.Qe1 Bf8 22.Qf2 Bb5
23.Nd4 Nc5 24.b3 Bd7 25.g4 Bc6 26.Ne2 Bd7 27.Ng3 Bb5 28.Bd4 Qc7 29.f5 Nd7 
30.fxg6 fxg6 31.c4 Bc6 32.Rf1 Bg7 33.Qf7+ Kh8 34.cxd5 Bxd5 35.Bxd5 exd5 
36.Kh2 Rf8 37.Qxd5 Rad8 38.Rac1 Qb8 39.Rxf8+ Nxf8 40.Qe4 Ne6 41.Bb2 Rd2+ 
42.Kh1 Rxb2 43.Qd5 Qxe5 44.Rc8+ Bf8 45.Rxf8+ Kg7 1-0

[Event "8th OHRA Open"]
[Site "Amsterdam NED"]
[Date "1989.07.31"]
[Round "1"]
[White "Hansen, Lars Bo"]
[Black "Peelen, Piet"]
[Result "1/2-1/2"]
[WhiteElo "2525"]
[BlackElo "2385"]
[EventDate "1989.07.31"]
[PlyCount "68"]

1.Nf3 Nf6 2.c4 g6 3.Nc3 d5 4.cxd5 Nxd5 5.e4 Nxc3 6.dxc3 Qxd1+ 7.Kxd1 f6 8.
Be3 e5 9.Bc4 Nd7 10.Ke2 Bc5 11.Bc1 Nb6 12.Bb3 Ke7 13.a4 a5 14.Ne1 Be6 15.
Bxe6 Kxe6 16.Nd3 Nd7 17.f4 Bd6 18.g3 Nc5 19.Nxc5+ Bxc5 20.Rf1 exf4 21.Bxf4
c6 22.Rad1 Rhd8 23.g4 Bb6 24.Bg3 Rxd1 25.Rxd1 Rd8 26.Rf1 Rd7 27.h3 Bd8 28.
h4 Rf7 29.Rf3 Bc7 30.Bf2 Be5 31.b4 axb4 32.cxb4 Bd6 33.Be1 Rd7 34.Rd3 Be5 
1/2-1/2

[Event "8th OHRA Open"]
[Site "Amsterdam NED"]
[Date "1989.07.31"]
[Round "1"]
[White "Vanheste, Jeroen"]
[Black "Kuijf, Marinus"]
[Result "0-1"]
[WhiteElo "2410"]
[BlackElo "2530"]
[EventDate "1989.07.31"]
[PlyCount "82"]

1.d4 d5 2.c4 c6 3.Nf3 Nf6 4.Nc3 e6 5.e3 Nbd7 6.Bd3 dxc4 7.Bxc4 b5 8.Be2 
Bb7 9.O-O Be7 10.a3 a5 11.Bd2 O-O 12.Qc2 Rc8 13.Rfd1 c5 14.dxc5 Rxc5 15.b4
axb4 16.axb4 Rh5 17.Nd4 Rg5 18.e4 Rg6 19.Qb1 Bd6 20.Ndxb5 Bxh2+ 21.Kf1 Qb8
22.Be3 Bf4 23.Bd4 Ba8 24.Ra3 h5 25.Bf3 Bc6 26.Na7 Bb7 27.b5 e5 28.Be3 Bxe3
29.fxe3 Qc7 30.Qb4 Qb6 31.Rd6 Qxe3 32.Ne2 Qg5 33.Nc6 Re8 34.Ra7 Bc8 35.Ra8
Kh7 36.b6 h4 37.b7 Bxb7 38.Qxb7 Rxa8 39.Qxa8 h3 40.Qa3 hxg2+ 41.Kg1 Qh4 
0-1

[Event "8th OHRA Open"]
[Site "Amsterdam NED"]
[Date "1989.07.31"]
[Round "1"]
[White "Blatny, Pavel"]
[Black "Psakhis, Lev"]
[Result "1-0"]
[WhiteElo "2470"]
[BlackElo "2565"]
[EventDate "1989.07.31"]
[PlyCount "80"]

1.e4 e6 2.d4 d5 3.Nc3 Bb4 4.e5 b6 5.Qg4 Bf8 6.h4 h5 7.Qd1 c5 8.Bg5 Qd7 9.
Bb5 Nc6 10.Nge2 a6 11.Bxc6 Qxc6 12.Nf4 cxd4 13.Nce2 Qc7 14.Nd3 Bc5 15.Nef4
f6 16.Ng6 Rh7 17.Bd2 Qf7 18.Ngf4 fxe5 19.Nxe5 Qf5 20.Qe2 Bd6 21.Nfd3 Nf6 
22.O-O-O Ne4 23.Nf3 e5 24.Bb4 Bc7 25.Nfxe5 Bxe5 26.f3 Bf6 27.Nf2 Qf4+ 28.
Bd2 Qe5 29.fxe4 Bb7 30.Rhe1 O-O-O 31.Qd3 Rhh8 32.Qh3+ Kb8 33.Nd3 Qe7 34.e5
Bxh4 35.g3 Bg5 36.Nf4 Rh6 37.Qf5 Bc8 38.e6 Qf6 39.Qd3 Kb7 40.e7 Re8 1-0

[Event "8th OHRA Open"]
[Site "Amsterdam NED"]
[Date "1989.07.31"]
[Round "1"]
[White "Sosonko, Gennadi"]
[Black "Mednis, Edmar John"]
[Result "1/2-1/2"]
[WhiteElo "2540"]
[BlackElo "2430"]
[EventDate "1989.07.31"]
[PlyCount "77"]

1.d4 Nf6 2.c4 e6 3.g3 d5 4.Bg2 dxc4 5.Nf3 a6 6.O-O b5 7.Ne5 c6 8.b3 cxb3 
9.Nxc6 Qb6 10.Na5 Ra7 11.Nxb3 Rd7 12.e4 Bb7 13.Qe2 Be7 14.Bf4 O-O 15.N1d2 
Ba3 16.Be3 Qd8 17.Rab1 Nc6 18.e5 Nd5 19.Ne4 Nce7 20.Bc1 Bxc1 21.Rbxc1 Nf5 
22.Nec5 Rc7 23.Qd2 Bc8 24.Rfd1 Nfe7 25.Ne4 b4 26.Rxc7 Qxc7 27.Rc1 Qb6 28.
Rc5 Bd7 29.Nd6 Bc6 30.Na5 Bb5 31.Bxd5 Nxd5 32.Nxb5 axb5 33.Nc6 Nc3 34.Qc2 
Nd5 35.Qe2 Qa6 36.Qb2 Qa4 37.Kg2 h6 38.Qe2 Ra8 39.Qxb5 1/2-1/2

[Event "8th OHRA Open"]
[Site "Amsterdam NED"]
[Date "1989.07.31"]
[Round "1"]
[White "Mohr, Stefan"]
[Black "Crisan, Alexandru"]
[Result "1-0"]
[WhiteElo "2485"]
[BlackElo "2315"]
[EventDate "1989.07.31"]
[PlyCount "85"]

1.d4 Nf6 2.c4 c5 3.d5 b5 4.cxb5 a6 5.e3 Bb7 6.Nc3 axb5 7.Bxb5 Qa5 8.Ne2 
Bxd5 9.O-O Bc6 10.Qd3 g6 11.e4 d6 12.f4 Bg7 13.e5 dxe5 14.fxe5 Nfd7 15.e6 
fxe6 16.Bxc6 Nxc6 17.Qh3 Qb6 18.Qxe6 Nd8 19.Qe4 Rc8 20.Bg5 Qe6 21.Qh4 h6 
22.Bd2 g5 23.Qh5+ Nf7 24.Ng3 O-O 25.Nf5 Nfe5 26.Nxg7 Kxg7 27.Rfe1 Rf5 28.
Qe2 Rcf8 29.Ne4 Qc4 30.Ng3 Rf2 31.Qxc4 Nxc4 32.Rxe7+ R8f7 33.Bc3+ Kf8 34.
Rxd7 Rxd7 35.Kxf2 Nxb2 36.Bxb2 Rd2+ 37.Ne2 Rxb2 38.a4 Rb6 39.a5 Ra6 40.Ke3
Ke7 41.Kd3 Kd6 42.Kc4 Kc6 43.Nc3 1-0

[Event "8th OHRA Open"]
[Site "Amsterdam NED"]
[Date "1989.07.31"]
[Round "1"]
[White "Garcia Callejo, Jesus"]
[Black "Bagirov, Vladimir"]
[Result "1/2-1/2"]
[WhiteElo "2300"]
[BlackElo "2475"]
[EventDate "1989.07.31"]
[PlyCount "85"]

1.e4 Nf6 2.Nc3 d5 3.e5 Ne4 4.Nce2 d4 5.c3 Nc6 6.Nxd4 Nxd4 7.Qa4+ c6 8.Qxd4
Qxd4 9.cxd4 Ng5 10.Bc4 Ne6 11.Ne2 Nc7 12.a3 Be6 13.d3 Bd5 14.O-O e6 15.Bd2
O-O-O 16.Rac1 Be7 17.b4 Kb8 18.Be3 Rd7 19.Nc3 Rc8 20.Ne4 b5 21.Bxd5 Nxd5 
22.Nc5 Bxc5 23.Rxc5 Rb7 24.Rfc1 Rb6 25.R1c2 Kb7 26.Re2 Ra6 27.Bc1 Ra4 28.
Bb2 a5 29.bxa5 Rxa5 30.g3 h5 31.h3 Rd8 32.Re4 Ra4 33.Rc1 g6 34.Kg2 Rda8 
35.g4 hxg4 36.hxg4 b4 37.axb4 Rxb4 38.Bc3 Rb3 39.Be1 Ra2 40.Kf1 g5 41.Re2 
Rxe2 42.Kxe2 Nf4+ 43.Ke3 1/2-1/2

[Event "8th OHRA Open"]
[Site "Amsterdam NED"]
[Date "1989.07.31"]
[Round "1"]
[White "Cifuentes Parada, Roberto"]
[Black "Hulak, Krunoslav"]
[Result "0-1"]
[WhiteElo "2470"]
[BlackElo "2550"]
[EventDate "1989.07.31"]
[PlyCount "62"]

1.c4 Nf6 2.Nc3 c5 3.Nf3 e6 4.e4 d6 5.d4 cxd4 6.Nxd4 a6 7.Be2 Nbd7 8.O-O b6
9.f4 Bb7 10.Bf3 Rc8 11.Qe2 Qc7 12.b3 Be7 13.Bb2 O-O 14.Kh1 g6 15.Rac1 Rfe8
16.e5 Bxf3 17.Nxf3 Nh5 18.Ne4 Nc5 19.Nxd6 Bxd6 20.exd6 Qxd6 21.Ne5 f5 22.
g4 Nf6 23.g5 Nh5 24.Rcd1 Qc7 25.Qe3 Red8 26.Rd4 Ne4 27.Rfd1 Rxd4 28.Qxd4 
Qb7 29.Kg1 Nxf4 30.Qe3 Nxg5 31.Rd2 Ngh3+ 0-1

[Event "8th OHRA Open"]
[Site "Amsterdam NED"]
[Date "1989.08.01"]
[Round "2"]
[White "Nijboer, Friso"]
[Black "Hansen, Lars Bo"]
[Result "0-1"]
[WhiteElo "2475"]
[BlackElo "2525"]
[EventDate "1989.07.31"]
[PlyCount "122"]

1.e4 e6 2.d4 d5 3.Nd2 dxe4 4.Nxe4 Bd7 5.Nf3 Bc6 6.Bd3 Bxe4 7.Bxe4 c6 8.c3 
Nf6 9.Bc2 g6 10.O-O Bg7 11.Bg5 Nbd7 12.c4 Qc7 13.Qe2 O-O 14.Rfd1 Rfe8 15.
Rac1 e5 16.dxe5 Nxe5 17.Nxe5 Rxe5 18.Qd2 Qe7 19.Bf4 Re6 20.h3 Re8 21.Be3 
Qc7 22.b3 Rxe3 23.fxe3 Bh6 24.Re1 Qg3 25.Rcd1 Bxe3+ 26.Rxe3 Rxe3 27.Rf1 
Ne8 28.b4 Qe5 29.c5 Re2 30.Qd3 Qe3+ 31.Qxe3 Rxe3 32.Bb3 Re7 33.a4 Kg7 34.
b5 Nf6 35.bxc6 bxc6 36.Rc1 a5 37.Bd1 Re1+ 38.Kf2 Rh1 39.Ke2 Nd5 40.Rc4 Rg1
41.g4 Rg3 42.h4 Rh3 43.Kd2 Rxh4 44.Bf3 Rh2+ 45.Kd3 Nb4+ 46.Rxb4 axb4 47.
Kc4 b3 48.Bxc6 b2 49.Be4 Re2 50.Bd3 Re3 51.Bc2 Re1 52.Kd5 Rc1 53.Be4 Kf8 
54.a5 Ke7 55.Kc6 b1=Q 56.Bxb1 Rxb1 57.a6 Kd8 58.a7 Ra1 59.Kb7 h5 60.gxh5 
gxh5 61.c6 Rxa7+ 0-1

[Event "8th OHRA Open"]
[Site "Amsterdam NED"]
[Date "1989.08.01"]
[Round "2"]
[White "Van der Sterren, Paul"]
[Black "Vanheste, Jeroen"]
[Result "1/2-1/2"]
[WhiteElo "2515"]
[BlackElo "2410"]
[EventDate "1989.07.31"]
[PlyCount "108"]

1.d4 Nf6 2.c4 g6 3.Nc3 d5 4.Nf3 Bg7 5.Qb3 dxc4 6.Qxc4 O-O 7.Bf4 c6 8.e4 b5
9.Qb3 Qa5 10.Bd3 b4 11.Na4 Be6 12.Qd1 b3+ 13.Nc3 bxa2 14.O-O h6 15.Qc1 Kh7
16.Bd2 Qd8 17.Nxa2 Bg4 18.Be3 Bxf3 19.gxf3 e5 20.dxe5 Nfd7 21.f4 Nxe5 22.
Be2 Ned7 23.Rd1 Qh4 24.Nc3 Nf6 25.f3 Nh5 26.Ra5 Re8 27.Qd2 Bf6 28.Bc4 Rd8 
29.Qc1 Rxd1+ 30.Qxd1 Nxf4 31.Bxf7 Bg5 32.Kh1 Qh3 33.Bxf4 Bxf4 34.Qe2 Bxh2 
35.Bxg6+ Kxg6 36.Qxh2 Qxf3+ 37.Qg2+ Qxg2+ 38.Kxg2 Nd7 39.Kg3 Kf6 40.Rh5 
Kg6 41.Ra5 Kf6 42.Rh5 Rg8+ 43.Kf4 Kg6 44.Ra5 Rf8+ 45.Kg3 Ra8 46.Ra6 Ne5 
47.Kf4 Nd3+ 48.Ke3 Nb4 49.Ra5 h5 50.Ne2 h4 51.Nf4+ Kf6 52.Rf5+ Ke7 53.Rh5 
a5 54.Rxh4 a4 1/2-1/2

[Event "8th OHRA Open"]
[Site "Amsterdam NED"]
[Date "1989.08.01"]
[Round "2"]
[White "Hulak, Krunoslav"]
[Black "Blatny, Pavel"]
[Result "1-0"]
[WhiteElo "2550"]
[BlackElo "2470"]
[EventDate "1989.07.31"]
[PlyCount "81"]

1.d4 Nf6 2.c4 e6 3.g3 d5 4.Bg2 dxc4 5.Qa4+ Nbd7 6.Nd2 a6 7.Nxc4 Rb8 8.Qb3 
b6 9.Nh3 Bb7 10.Bxb7 Rxb7 11.Na5 Ra7 12.Nc6 Qa8 13.Qf3 Rb7 14.O-O b5 15.
Bd2 Rb6 16.Rac1 b4 17.Rc4 a5 18.Rfc1 Bd6 19.e4 e5 20.Bg5 Ng8 21.Be3 Ngf6 
22.Qe2 O-O 23.f3 Qa6 24.Kf1 Rb5 25.Nf2 Re8 26.R4c2 Qb7 27.Nd3 exd4 28.Bxd4
Bf8 29.Nf2 Rh5 30.Kg1 b3 31.axb3 Qxb3 32.e5 Nd5 33.f4 Rh6 34.Nxa5 Qb4 35.
Nc4 Qb7 36.Qf3 c6 37.Na5 Qb4 38.Nxc6 Rxc6 39.Rxc6 Qxd4 40.Rd1 Qa4 41.Qxd5 
1-0

[Event "8th OHRA Open"]
[Site "Amsterdam NED"]
[Date "1989.08.01"]
[Round "2"]
[White "Rodriguez Cespedes, Amador"]
[Black "Garcia Callejo, Jesus"]
[Result "1-0"]
[WhiteElo "2505"]
[BlackElo "2300"]
[EventDate "1989.07.31"]
[PlyCount "77"]

1.e4 c6 2.d4 d5 3.Nd2 dxe4 4.Nxe4 Nd7 5.Bc4 Ngf6 6.Ng5 e6 7.Qe2 Nb6 8.Bd3 
h6 9.N5f3 c5 10.dxc5 Bxc5 11.Bd2 Qc7 12.O-O-O Nbd7 13.Nh3 g5 14.Ne1 Qe5 
15.Qf1 Nd5 16.Kb1 Qc7 17.f4 g4 18.Nf2 h5 19.Ne4 Be7 20.h3 N7f6 21.f5 exf5 
22.Nxf6+ Nxf6 23.Bxf5 Bxf5 24.Qxf5 Qc5 25.Qxc5 Bxc5 26.Bc3 Rh6 27.Nd3 Be7 
28.Bxf6 Bxf6 29.hxg4 h4 30.Nc5 Rg6 31.Nxb7 Rxg4 32.Nd6+ Kf8 33.Rhf1 Kg7 
34.Nf5+ Kg6 35.Rd6 Re8 36.Nxh4+ Rxh4 37.Rdxf6+ Kg5 38.Rxf7 Rhe4 39.b3 1-0

[Event "8th OHRA Open"]
[Site "Amsterdam NED"]
[Date "1989.08.01"]
[Round "2"]
[White "Mohr, Stefan"]
[Black "Polgar, Judit"]
[Result "0-1"]
[WhiteElo "2485"]
[BlackElo "2555"]
[EventDate "1989.07.31"]
[PlyCount "82"]

1.d4 Nf6 2.c4 c5 3.d5 b5 4.cxb5 a6 5.e3 Bb7 6.Nc3 Qa5 7.bxa6 Nxa6 8.Bd2 
Qb6 9.e4 e6 10.Bc4 Nb4 11.Nge2 Nxe4 12.dxe6 fxe6 13.Nxe4 Bxe4 14.O-O d5 
15.Bxb4 Qxb4 16.Bd3 Bxd3 17.Qxd3 Be7 18.Qe3 Qg4 19.Nf4 Ra4 20.Nxe6 Re4 21.
Nc7+ Kd7 22.Qc3 Rc4 23.Qe1 Bd6 24.h3 Qf4 25.g3 Qg5 26.Nb5 Bb8 27.Rd1 Re8 
28.Qd2 Qxd2 29.Rxd2 Kc6 30.Nc3 d4 31.Ne2 Bc7 32.b3 Ba5 33.Rb2 d3 34.Nf4 
Rd4 35.Rd1 d2 36.Rbb1 Re1+ 37.Kh2 Rxf4 38.gxf4 Kd5 39.Kg2 Ke4 40.b4 Rxd1 
41.Rxd1 Bxb4 0-1

[Event "8th OHRA Open"]
[Site "Amsterdam NED"]
[Date "1989.08.01"]
[Round "2"]
[White "Mednis, Edmar John"]
[Black "Azmaiparashvili, Zurab"]
[Result "0-1"]
[WhiteElo "2430"]
[BlackElo "2575"]
[EventDate "1989.07.31"]
[PlyCount "110"]

1.e4 d6 2.d4 g6 3.Nf3 Bg7 4.Be2 Nf6 5.Nc3 O-O 6.O-O c6 7.Re1 Qa5 8.Bf4 
Nbd7 9.Nd2 Qc7 10.d5 a6 11.a4 Rb8 12.a5 cxd5 13.exd5 b5 14.axb6 Nxb6 15.
Nb3 Bb7 16.Bf3 Nc4 17.Na4 Nd7 18.Rxe7 Nce5 19.Bxe5 Bxe5 20.Bg4 f5 21.Bf3 
Qd8 22.Re6 Nf6 23.c4 Bc8 24.Nd4 Qc7 25.Rc1 Bxd4 26.Qxd4 Bxe6 27.dxe6 Rb4 
28.b3 Qe7 29.Re1 Ne4 30.Nc3 Qxe6 31.Nxe4 fxe4 32.Bxe4 Qf6 33.Bd5+ Kh8 34.
Qxf6+ Rxf6 35.Re3 a5 36.g3 Rf8 37.Bc6 Rb6 38.Ba4 Kg7 39.Rd3 Rf5 40.Kg2 g5 
41.Rd4 Kf6 42.Bd7 Rc5 43.Ba4 h6 44.h4 d5 45.cxd5 Ke5 46.Rg4 Rb4 47.Kh3 
Rxg4 48.Kxg4 gxh4 49.Kxh4 Rxd5 50.f4+ Kf5 51.Kh5 Rd3 52.b4 Rd2 53.g4+ Kf6 
54.g5+ hxg5 55.fxg5+ Kf5 0-1

[Event "8th OHRA Open"]
[Site "Amsterdam NED"]
[Date "1989.08.01"]
[Round "2"]
[White "Visser, Yge"]
[Black "Douven, Rudy"]
[Result "1/2-1/2"]
[WhiteElo "2335"]
[BlackElo "2475"]
[EventDate "1989.07.31"]
[PlyCount "83"]

1.e4 c6 2.d4 d5 3.Nd2 dxe4 4.Nxe4 Bf5 5.Ng3 Bg6 6.Nf3 Nd7 7.h4 h6 8.h5 Bh7
9.Bd3 Bxd3 10.Qxd3 e6 11.Bd2 Qc7 12.O-O-O Ngf6 13.Ne4 O-O-O 14.g3 Nxe4 15.
Qxe4 Nf6 16.Qe1 Rd5 17.Bf4 Bd6 18.Bxd6 Rxd6 19.Ne5 Rd5 20.c4 Rdd8 21.Qe3 
Rhe8 22.g4 Re7 23.f4 Nd7 24.Qa3 Nxe5 25.dxe5 Red7 26.Qxa7 Rxd1+ 27.Rxd1 
Rxd1+ 28.Kxd1 Qd8+ 29.Kc2 Qh4 30.Qg1 Qh3 31.a4 Qf3 32.Qd4 Qxg4 33.a5 Qxh5 
34.a6 bxa6 35.Qa7 Qe2+ 36.Kc3 Qe1+ 37.Kc2 Qb4 38.Qxa6+ Kc7 39.Qa7+ Qb7 40.
Qc5 Qc8 41.Qd6+ Kb6 42.Qb4+ 1/2-1/2

[Event "8th OHRA Open"]
[Site "Amsterdam NED"]
[Date "1989.08.01"]
[Round "2"]
[White "Kuijf, Marinus"]
[Black "Finegold, Benjamin"]
[Result "0-1"]
[WhiteElo "2530"]
[BlackElo "2375"]
[EventDate "1989.07.31"]
[PlyCount "50"]

1.e4 e5 2.Bc4 Nf6 3.d3 Bc5 4.Nf3 d6 5.c3 O-O 6.O-O Bb6 7.Nbd2 c6 8.Bb3 
Nbd7 9.d4 Re8 10.Ng5 d5 11.exd5 cxd5 12.dxe5 Nxe5 13.Ndf3 Bg4 14.h3 Bh5 
15.g4 Nexg4 16.hxg4 Bxg4 17.Ba4 Re7 18.Bc2 h6 19.Qd3 hxg5 20.Bxg5 Qd6 21.
Nd4 Re4 22.Bxf6 Qxf6 23.f3 Qg5 24.f4 Rxf4 25.Qg3 Bc7 0-1

[Event "8th OHRA Open"]
[Site "Amsterdam NED"]
[Date "1989.08.01"]
[Round "2"]
[White "Peelen, Piet"]
[Black "Sosonko, Gennadi"]
[Result "0-1"]
[WhiteElo "2385"]
[BlackElo "2540"]
[EventDate "1989.07.31"]
[PlyCount "88"]

1.g3 d5 2.Bg2 e5 3.d3 Nf6 4.Nf3 Nc6 5.O-O Be7 6.Nbd2 O-O 7.e4 d4 8.Nc4 Nd7
9.Bh3 Bf6 10.Ne1 Nb6 11.Bxc8 Qxc8 12.Nxb6 axb6 13.f4 exf4 14.Bxf4 Be5 15.
Qd2 f5 16.Bxe5 Nxe5 17.Qg5 h6 18.Qh5 Ng4 19.Rxf5 Rxf5 20.Qxf5 Qxf5 21.exf5
Ne3 22.Ng2 Nxf5 23.Rf1 Ra5 24.a3 g5 25.g4 Ne7 26.Re1 Kf7 27.Re4 c5 28.Ne1 
Nd5 29.Nf3 Ra8 30.Ne5+ Kg7 31.Nc4 Rd8 32.b3 b5 33.Nd2 Rd7 34.Nf1 Nf4 35.h4
c4 36.hxg5 hxg5 37.Re5 Rd5 38.Rxd5 Nxd5 39.Ng3 Ne3 40.Ne2 Nxc2 41.Nc1 Kf6 
42.Kf2 Ke5 43.a4 Nb4 44.dxc4 bxc4 0-1

[Event "8th OHRA Open"]
[Site "Amsterdam NED"]
[Date "1989.08.02"]
[Round "3"]
[White "Illescas Cordoba, Miguel"]
[Black "Crisan, Alexandru"]
[Result "1-0"]
[WhiteElo "2510"]
[BlackElo "2315"]
[EventDate "1989.07.31"]
[PlyCount "169"]

1.e4 c5 2.Nf3 d6 3.d4 cxd4 4.Nxd4 Nf6 5.Nc3 Nc6 6.Be2 e5 7.Nf3 h6 8.O-O 
Be6 9.Re1 Be7 10.h3 O-O 11.Bf1 Rc8 12.Nd5 Bxd5 13.exd5 Nb4 14.c4 a5 15.a3 
Na6 16.Rb1 b6 17.b4 Nb8 18.Be3 Nbd7 19.Rc1 Ne8 20.Nd2 f5 21.Nb1 axb4 22.
axb4 Bg5 23.Nc3 e4 24.Nb5 Ne5 25.Nd4 Nc7 26.Nc6 Qf6 27.Bxg5 hxg5 28.Nxe5 
Qxe5 29.Qd2 Qf6 30.c5 bxc5 31.bxc5 dxc5 32.Rxc5 Na8 33.Rxc8 Rxc8 34.d6 Nb6
35.Rb1 Nd7 36.Rb7 Ne5 37.Qd5+ Kh7 38.Rb5 Nf7 39.Qxf5+ Qxf5 40.Rxf5 Nxd6 
41.Rxg5 Rc1 42.Re5 Rd1 43.g4 Nc4 44.Rh5+ Kg6 45.Kg2 Nd6 46.h4 Kf6 47.Ra5 
Rd2 48.Kg3 Ke6 49.Ra1 Kf6 50.Ra7 g6 51.Ra6 Ke5 52.Ra5+ Ke6 53.Ra3 Ke5 54.
Re3 Kf6 55.Be2 Ke5 56.Bf1 Kf6 57.Re1 Rb2 58.Bg2 Rb3+ 59.Kf4 Rb2 60.Rf1 Re2
61.g5+ Ke7 62.Bh3 Nc4 63.Bg4 Rd2 64.Bd1 Rb2 65.Bg4 Ra2 66.Bd1 Rb2 67.Kg3 
Kd6 68.Re1 Kd5 69.Re2 Rb4 70.Bc2 Nd6 71.Kf4 e3+ 72.Kxe3 Rxh4 73.Kf3 Nf5 
74.Re8 Nd4+ 75.Kg3 Rh5 76.Be4+ Kd6 77.f4 Nf5+ 78.Bxf5 gxf5 79.Rf8 Ke6 80.
Rf6+ Ke7 81.Rxf5 Rh1 82.Rf6 Ra1 83.Kg4 Rh1 84.Kf5 Rh4 85.Kg6 1-0

[Event "8th OHRA Open"]
[Site "Amsterdam NED"]
[Date "1989.08.02"]
[Round "3"]
[White "Blatny, Pavel"]
[Black "Kuijf, Marinus"]
[Result "1/2-1/2"]
[WhiteElo "2470"]
[BlackElo "2530"]
[EventDate "1989.07.31"]
[PlyCount "155"]

1.Nf3 Nf6 2.g3 d5 3.Bg2 Bf5 4.b3 e6 5.Bb2 h6 6.d3 Be7 7.O-O O-O 8.c4 Re8 
9.Nc3 c6 10.Qc2 Nbd7 11.Rad1 Bh7 12.e4 dxe4 13.dxe4 Qc7 14.Qe2 e5 15.Ne1 
Nc5 16.Nd3 Nfd7 17.Bh3 Nxd3 18.Rxd3 Nc5 19.Rd2 Bg5 20.Rdd1 Rad8 21.Ba3 Qa5
22.Bxc5 Qxc5 23.Bd7 Rf8 24.h4 Be7 25.Rd3 Qb4 26.Na4 Bd6 27.Bf5 Bc7 28.Rfd1
Rxd3 29.Rxd3 Rd8 30.Kg2 Rd6 31.Qe3 Rxd3 32.Qxd3 Qd6 33.Qxd6 Bxd6 34.f3 Bb4
35.Bd7 Kf8 36.c5 Ba5 37.Nb2 Ke7 38.Bc8 b5 39.cxb6 Bxb6 40.Bb7 Kd7 41.Nd3 
Kc7 42.Ba6 Bd4 43.g4 f6 44.Bc4 Bg6 45.Kg3 Kd6 46.Ne1 h5 47.Nd3 Be8 48.Bg8 
Bc3 49.Bc4 hxg4 50.fxg4 g6 51.Kf3 Bd2 52.Ke2 Ba5 53.Kf3 Bd8 54.Bg8 Ke7 55.
Bc4 Bc7 56.Nf2 Bb6 57.Nh1 Ba5 58.Ng3 Be1 59.h5 gxh5 60.Nxh5 Bd7 61.Ng7 Kd6
62.Ke2 Ba5 63.Nf5+ Kc5 64.Kd3 Kb4 65.Kc2 Ka3 66.Kb1 Bb6 67.Be2 Bc5 68.Ba6 
Bf2 69.Be2 a5 70.Nd6 a4 71.Nc4+ Kb4 72.Kc2 Be6 73.g5 axb3+ 74.axb3 fxg5 
75.Nxe5 Bxb3+ 76.Kd2 Bg3 77.Nxc6+ Kc5 78.Ne7 1/2-1/2

[Event "8th OHRA Open"]
[Site "Amsterdam NED"]
[Date "1989.08.02"]
[Round "3"]
[White "Sosonko, Gennadi"]
[Black "Rodriguez Cespedes, Amador"]
[Result "1/2-1/2"]
[WhiteElo "2540"]
[BlackElo "2505"]
[EventDate "1989.07.31"]
[PlyCount "47"]

1.d4 Nf6 2.c4 e6 3.g3 d5 4.Bg2 dxc4 5.Nf3 Nc6 6.O-O Rb8 7.Nc3 a6 8.e4 Be7 
9.d5 exd5 10.exd5 Nb4 11.Ne5 Bf5 12.a3 Nd3 13.Nxc4 Nxc1 14.Rxc1 O-O 15.h3 
Ne8 16.Re1 Nd6 17.Ne5 Bf6 18.f4 Re8 19.Qf3 h6 20.Re2 Re7 21.Rce1 Qf8 22.
Nd1 Rbe8 23.Nf2 g6 24.g4 1/2-1/2

[Event "8th OHRA Open"]
[Site "Amsterdam NED"]
[Date "1989.08.02"]
[Round "3"]
[White "Bagirov, Vladimir"]
[Black "Psakhis, Lev"]
[Result "1/2-1/2"]
[WhiteElo "2475"]
[BlackElo "2565"]
[EventDate "1989.07.31"]
[PlyCount "58"]

1.Nf3 Nf6 2.c4 b6 3.g3 c5 4.Bg2 Bb7 5.O-O e6 6.b3 Be7 7.Bb2 O-O 8.e3 d5 9.
Nc3 dxc4 10.bxc4 Nc6 11.Qe2 Nb4 12.Ne1 Bxg2 13.Kxg2 Qd7 14.a3 Nc6 15.Rd1 
Qb7 16.Kg1 a6 17.a4 Ne8 18.f4 Nd6 19.Rb1 Bf6 20.Nf3 Rfd8 21.Nd1 Bxb2 22.
Rxb2 Nb4 23.Nc3 a5 24.d3 Nf5 25.Rd2 Rac8 26.g4 Ne7 27.Rfd1 Nec6 28.Qg2 Qe7
29.g5 Kh8 1/2-1/2

[Event "8th OHRA Open"]
[Site "Amsterdam NED"]
[Date "1989.08.02"]
[Round "3"]
[White "Ree, Hans"]
[Black "Cifuentes Parada, Roberto"]
[Result "1/2-1/2"]
[WhiteElo "2460"]
[BlackElo "2470"]
[EventDate "1989.07.31"]
[PlyCount "52"]

1.d4 d5 2.c4 e6 3.Nc3 Nf6 4.cxd5 Nxd5 5.e4 Nxc3 6.bxc3 c5 7.Nf3 cxd4 8.
cxd4 Bb4+ 9.Bd2 Bxd2+ 10.Qxd2 O-O 11.Bc4 Nc6 12.O-O b6 13.Rad1 Bb7 14.Rfe1
Ne7 15.d5 exd5 16.exd5 Nf5 17.Ne5 Nd6 18.Bb3 Re8 19.Nc6 Rxe1+ 20.Rxe1 Qf6 
21.Qb4 g6 22.h3 Kg7 23.a4 Nf5 24.Na5 Ba6 25.Nc6 Bb7 26.Na5 Ba6 1/2-1/2

[Event "8th OHRA Open"]
[Site "Amsterdam NED"]
[Date "1989.08.02"]
[Round "3"]
[White "Garcia Callejo, Jesus"]
[Black "Mednis, Edmar John"]
[Result "1/2-1/2"]
[WhiteElo "2300"]
[BlackElo "2430"]
[EventDate "1989.07.31"]
[PlyCount "45"]

1.e4 c5 2.Nf3 Nc6 3.c3 Nf6 4.e5 Nd5 5.d4 cxd4 6.Bc4 Nb6 7.Bb3 d5 8.exd6 
Qxd6 9.O-O e6 10.Nxd4 Nxd4 11.Qxd4 Qxd4 12.cxd4 Bd7 13.Nc3 Bb4 14.Bg5 O-O 
15.Rac1 Rfc8 16.Ne4 Bb5 17.Rxc8+ Rxc8 18.Rc1 Rxc1+ 19.Bxc1 Bc6 20.Nc5 Nd5 
21.Nd3 Be7 22.Ne5 Bb5 23.Bd2 1/2-1/2

[Event "8th OHRA Open"]
[Site "Amsterdam NED"]
[Date "1989.08.02"]
[Round "3"]
[White "Douven, Rudy"]
[Black "Vanheste, Jeroen"]
[Result "1/2-1/2"]
[WhiteElo "2475"]
[BlackElo "2410"]
[EventDate "1989.07.31"]
[PlyCount "46"]

1.d4 Nf6 2.c4 g6 3.Nc3 d5 4.cxd5 Nxd5 5.e4 Nxc3 6.bxc3 c5 7.Bc4 Bg7 8.Ne2 
Nc6 9.Be3 O-O 10.O-O Qc7 11.Rc1 Rd8 12.Bf4 Qd7 13.d5 Na5 14.Bd3 e6 15.c4 
b5 16.cxb5 exd5 17.Qa4 Nc4 18.Bxc4 dxc4 19.Qxc4 Qb7 20.Be3 Be6 21.Qxc5 
Qxe4 22.Nf4 Bxa2 23.Rfe1 Qb7 1/2-1/2

[Event "8th OHRA Open"]
[Site "Amsterdam NED"]
[Date "1989.08.02"]
[Round "3"]
[White "Peelen, Piet"]
[Black "Van der Sterren, Paul"]
[Result "0-1"]
[WhiteElo "2385"]
[BlackElo "2515"]
[EventDate "1989.07.31"]
[PlyCount "116"]

1.c4 e6 2.Nc3 d5 3.d4 Nf6 4.cxd5 exd5 5.Bg5 Be7 6.e3 O-O 7.Qc2 Nbd7 8.Bd3 
Re8 9.Nf3 c6 10.O-O Nf8 11.Rab1 a5 12.a3 Ng6 13.Bxf6 Bxf6 14.b4 Bg4 15.Nd2
axb4 16.axb4 Be7 17.b5 c5 18.Bf5 cxd4 19.Bxg4 dxc3 20.Qxc3 Bf6 21.Qb4 d4 
22.exd4 Bxd4 23.Rbd1 Qf6 24.Bf3 Rad8 25.Ne4 Qb6 26.Rd2 Nh4 27.Rfd1 Nxf3+ 
28.gxf3 Be5 29.Rxd8 Rxd8 30.Rxd8+ Qxd8 31.Qc5 Bd4 32.Qd6 Qxd6 33.Nxd6 b6 
34.f4 Kf8 35.Nf5 Bc5 36.Ng3 Ke7 37.Kg2 Ke6 38.Ne4 Be7 39.Nc3 f5 40.Kf3 Bf6
41.Nd1 Bd4 42.h4 h5 43.Ne3 Bxe3 44.fxe3 Kd5 45.Ke2 Kc4 46.Kf3 Kxb5 47.e4 
fxe4+ 48.Kxe4 Kc4 49.Kf5 b5 50.Kg6 b4 51.f5 b3 52.Kxg7 b2 53.f6 b1=Q 54.f7
Qg1+ 55.Kh7 Qf2 56.Kg7 Kd5 57.f8=Q Qxf8+ 58.Kxf8 Ke6 0-1

[Event "8th OHRA Open"]
[Site "Amsterdam NED"]
[Date "1989.08.03"]
[Round "4"]
[White "Nijboer, Friso"]
[Black "Douven, Rudy"]
[Result "1-0"]
[WhiteElo "2475"]
[BlackElo "2475"]
[EventDate "1989.07.31"]
[PlyCount "141"]

1.e4 c6 2.c4 d5 3.exd5 cxd5 4.cxd5 Nf6 5.Nc3 Nxd5 6.Nf3 e6 7.d4 Be7 8.Bd3 
Nc6 9.O-O O-O 10.Re1 Bf6 11.Be4 Nce7 12.Ne5 Nc6 13.Qd3 h6 14.Nf3 Nce7 15.
Bd2 Bd7 16.Ne5 Bxe5 17.dxe5 Nxc3 18.Bxc3 Bc6 19.Bb4 Qxd3 20.Bxd3 Rfd8 21.
Bf1 Kf8 22.g3 Ke8 23.f4 h5 24.Kf2 Rd4 25.Bc5 Rd2+ 26.Re2 Rd5 27.Rc2 Rd7 
28.Be2 g6 29.Rd1 Rxd1 30.Bxd1 Nd5 31.Bf3 Kd7 32.b3 b6 33.Ba3 Rc8 34.Bc1 
Nb4 35.Rd2+ Nd5 36.h3 Bb7 37.Bb2 Rh8 38.Be2 Bc6 39.Bc1 Kc7 40.Rc2 Kb7 41.
Bd2 Rc8 42.g4 hxg4 43.hxg4 Rh8 44.Kg3 Nc7 45.Rc1 Be4 46.Bb4 Bc6 47.Bd6 Nd5
48.Bf3 Rc8 49.Rh1 Rd8 50.Rh7 Rd7 51.Rh8 a5 52.Rb8+ Ka7 53.Rf8 Kb7 54.Be4 
b5 55.Kh4 Kb6 56.Kg5 b4 57.a4 bxa3 58.Bxa3 a4 59.bxa4 Bxa4 60.Bd6 Bd1 61.
Rb8+ Kc6 62.Bd3 Nb6 63.Be4+ Nd5 64.Rc8+ Kb6 65.f5 gxf5 66.gxf5 Bb3 67.f6 
Kb5 68.Rb8+ Nb6 69.Kh6 Bd5 70.Bxd5 exd5 71.Be7 1-0

[Event "8th OHRA Open"]
[Site "Amsterdam NED"]
[Date "1989.08.03"]
[Round "4"]
[White "Van der Sterren, Paul"]
[Black "Van Wely, Loek"]
[Result "0-1"]
[WhiteElo "2515"]
[BlackElo "2320"]
[EventDate "1989.07.31"]
[PlyCount "122"]

1.d4 Nf6 2.c4 g6 3.Nc3 Bg7 4.e4 d6 5.Nf3 O-O 6.Be2 e5 7.O-O Nc6 8.d5 Ne7 
9.Nd2 a5 10.Rb1 c5 11.a3 Ne8 12.b4 axb4 13.axb4 b6 14.bxc5 bxc5 15.Nb3 f5 
16.Bg5 Nf6 17.Nxc5 dxc5 18.d6 Be6 19.dxe7 Qxe7 20.f3 Qf7 21.Nd5 Ra2 22.Be3
Qa7 23.Rb5 Nd7 24.Nc3 Ra3 25.Qd2 f4 26.Bf2 Ra8 27.Rfb1 Ra1 28.Rxa1 Qxa1+ 
29.Rb1 Qa5 30.g4 Bf6 31.Rb7 Ra7 32.Rb5 Qa1+ 33.Kg2 Be7 34.Nd5 Bd8 35.Nc3 
Be7 36.h4 Kf7 37.Rb1 Qa5 38.Qd3 Qa3 39.Qc2 Ra8 40.Rb3 Qa5 41.Nd5 Bd8 42.
Rb5 Qa1 43.Rb7 Ra2 44.Qd3 Ra3 45.Qd1 Qxd1 46.Bxd1 Ra2 47.g5 h6 48.Nc3 Rd2 
49.Ba4 hxg5 50.Nd5 gxh4 51.Bxd7 h3+ 52.Kg1 h2+ 53.Kxh2 Bxd5 54.cxd5 Rxf2+ 
55.Kg1 Bh4 56.Bg4+ Kf6 57.Rb6+ Kg5 58.Re6 c4 59.d6 c3 60.d7 c2 61.Rc6 Kh6 
0-1